000
00199 a2200097 4500
001
6967
100
_a
Mahmood, S
245
_a
International affairs
260
_a
_b
Terosons
_c
090
_c
5751
_d
5751
942
_a
NUST-CAE
_c
M
_c
32213
999
_c
242040
_d
242040